FISH BIOTECHNOLOGY (Record no. 216090)
[ view plain ]
| 000 -LEADER | |
|---|---|
| fixed length control field | 00459nam a22001577a 4500 |
| 008 - FIXED-LENGTH DATA ELEMENTS--GENERAL INFORMATION | |
| fixed length control field | 250915b |||||||| |||| 00| 0 eng d |
| 020 ## - INTERNATIONAL STANDARD BOOK NUMBER | |
| International Standard Book Number | 979-8-88715-054-3 |
| 100 ## - MAIN ENTRY--PERSONAL NAME | |
| Personal name | CREWSON, ERIC |
| 245 ## - TITLE STATEMENT | |
| Title | FISH BIOTECHNOLOGY |
| 260 ## - PUBLICATION, DISTRIBUTION, ETC. | |
| Place of publication, distribution, etc. | DUBLIN |
| Name of publisher, distributor, etc. | ORYSON PRESS |
| Date of publication, distribution, etc. | 2023 |
| 300 ## - PHYSICAL DESCRIPTION | |
| Extent | X, 275P. |
| 500 ## - GENERAL NOTE | |
| General note | INCLUDES BIBLIOGRAPHICAL REFERENCES |
| 650 ## - SUBJECT ADDED ENTRY | |
| Topical term or geographic name entry element | 1. FISH - GENWTIC ENGINEERING 2. AQUACULTURE - BIOTECHNOLOGY |
| 942 ## - ADDED ENTRY ELEMENTS (KOHA) | |
| Source of classification or shelving scheme | Library of Congress Classification |
| Koha item type | Long Loan Book |
| Withdrawn status | Lost status | Source of classification or shelving scheme | Damaged status | Not for loan | Home library | Current library | Date acquired | Inventory number | Total checkouts | Barcode | Date due | Date last seen | Copy number | Price effective from | Koha item type |
|---|---|---|---|---|---|---|---|---|---|---|---|---|---|---|---|
| Library of Congress Classification | Kisii University Library | Kisii University Library | 09/15/2025 | 109553 | 000000023858 | 09/15/2025 | 09/15/2025 | 1 | 09/15/2025 | Long Loan Book | |||||
| Library of Congress Classification | Kisii University Library | Kisii University Library | 09/15/2025 | 109554 | 000000023849 | 09/15/2025 | 09/15/2025 | 2 | 09/15/2025 | Long Loan Book | |||||
| Library of Congress Classification | Kisii University Library | Kisii University Library | 09/15/2025 | 109555 | 000000023848 | 09/15/2025 | 09/15/2025 | 3 | 09/15/2025 | Long Loan Book | |||||
| Library of Congress Classification | Kisii University Library | Kisii University Library | 09/15/2025 | 109556 | 000000023847 | 09/15/2025 | 09/15/2025 | 4 | 09/15/2025 | Long Loan Book |